MDQL
is popping MORE tags! Check the
thread
!
Quizzes
Events
Quiz Creation
Community
Videos
Private Events
Remove Ads
Sign In
Join for FREE
Feedback
Dark Mode
Quiz Categories
Sports
Geography
Music
Movies
Television
Just For Fun
Miscellaneous
History
Literature
Language
Science
Gaming
Entertainment
Religion
Holiday
For Kids
Quiz Lab
Recent
Popular Today
Quiz Kudos Today
Editor Picks
Curator Picks
Quizzes by...
Day
Popularity
Type
Ratings
Length
Year
Community
Subscriptions
Recent Discussions
Orange Saloon
Badges
Playlists
Quests
Create
Leaderboards
Showdown
Live 5
Trivia Bingo
Activity
Puzzle Library
Sporcle Events
Private Events
Virtual Trivia
Globe League
Become a Host
Pub Owners
SporcleCon
Opinionation
Our Games
Videos
Blog
Mobile Apps
Partnerships
Remove Ads and Go Orange
Feedback
Gaming
Video Games
Board Games
Card Games
Pokémon
Mario
Nintendo
Minecraft
Console
Toys
Legend of Zelda
Gaming
Video Games
Board Games
Card Games
Pokémon
Mario
Nintendo
Minecraft
Console
Toys
Legend of Zelda
Random Quiz
Search Sporcle
×
Quiz Lab
Quiz Lab
Gaming
Pokémon
Type in answers that appear in a list
Type in answers that appear in a list
Classic
Best Score? Go Orange.
Pokemon that start with B Stats
Can you name the Pokemon that start with B?
By
CallmeAl4567
10m
48 Questions
99 Plays
99 Plays
99 Plays
Comments
Comments
Give Quiz Kudos
Give Quiz Kudos
-
- Ratings
hide this ad
More Info
Replay
Link that replays current quiz
Next Quiz
Link to next quiz in quiz playlist
You Got
0%
They Got
Avg Score
77%
Avg Friend Score
Upgrade to see
Score Distribution
Jump to the score distribution portion of the page
Score
0/48
Timer
10:00
0
Plays Today
Hint
Answer
% Correct
Gen 1
Blastoise
98%
Gen 1
Bulbasaur
93.9%
Gen 1
Butterfree
93.9%
Gen 1
Beedrill
92.9%
Gen 3
Blaziken
91.9%
Gen 3
Beautifly
90.9%
Gen 1
Bellsprout
90.9%
Gen 3
Banette
89.9%
Gen 5
Beartic
89.9%
Gen 4
Bibarel
89.9%
Gen 4
Bidoof
89.9%
Gen 4
Bronzong
89.9%
Gen 4
Bronzor
89.9%
Gen 3
Bagon
88.9%
Gen 3
Beldum
88.9%
Gen 4
Burmy
88.9%
Gen 7
Bewear
88.7%
Gen 8
Blipbug
88.7%
Gen 3
Baltoy
87.9%
Gen 2
Bellossom
86.9%
Gen 5
Braviary
86.9%
Gen 7
Buzzwole
86.8%
Gen 2
Bayleef
85.9%
Gen 3
Breloom
85.9%
Hint
Answer
% Correct
Gen 6
Barbaracle
83.8%
Gen 6
Binacle
83.8%
Gen 4
Bastiodon
82.8%
Gen 5
Blitzle
82.8%
Gen 4
Buneary
82.8%
Gen 4
Budew
81.8%
Gen 4
Buizel
81.8%
Gen 3
Barboach
80.8%
Gen 5
Basculin
80.8%
Gen 6
Braixen
80.8%
Gen 8
Barraskewda
79.2%
Gen 8
Boltund
79.2%
Gen 6
Bergmite
77.8%
Gen 5
Boldore
77.8%
Gen 5
Beheeyem
76.8%
Gen 2
Blissey
76.8%
Gen 6
Bunnelby
75.8%
Gen 7
Bounsweet
75.5%
Gen 7
Brionne
75.5%
Gen 7
Bruxish
75.5%
Gen 5
Bisharp
73.7%
Gen 7
Blacephalon
73.6%
Gen 4
Bonsly
70.7%
Gen 5
Bouffalant
68.7%
Quiz Playlist
Details
Report
Send in Message
Add To Playlist
More Info:
Pokemon are in alphabetical order,
Classic:
Type in answers that appear in a list
Last Updated: Feb 28, 2021
Quiz Scoreboard
CHALLENGE
Sign Up to Join the Scoreboard
Show All
Scores
Hide
Comments
May contain spoilers
Recently Published
Image Sorting: Flags VI
by Barbecue
Geography
2m
Find the 'City' Movie
by crazypaving
Movies
60s
Colored Red Africa Blitz
by spor1
Geography
45s
More to Explore
Quiz From the Vault
Featured Blog Post
14 Easter Pick-up Lines to Find Eggs With
hide this ad
You Might Also Like...
Tags
Pokémon Quiz
start
Today's Top Quizzes in Gaming
Browse Gaming
hide this ad
Today's Top Quizzes in Pokémon
Browse Pokémon
Top Contributed Quizzes in Gaming
1
League of Legends Pro Players by Career/Team History
2
Destiny 2 exotic weapons by perk icons
3
Genshin murder mystery
4
Dead By Daylight Logic Puzzle
5
Genshin Impact Logic Puzzle
6
Valorant Agent Developer Names (Up to Clove)
7
Overwatch 2: Ultimate Ability Icons
8
4x4 Decades: Video Games
9
Who's on the WWE 2K24 Cover?
10
Undertale Logic Puzzle
Explore More
Trending Topics
NBA
Kpop
Marvel
Crossword
Anime
Harry Potter
Disney
WWE
Puzzle
Song
Country
Soccer
Pokémon
NFL
The Office
hide this ad
More By:
CallmeAl4567
Quiz
Plays
Rating
Category
Featured
Created
Pokémon - Fairy Types
5,410
4.46
Gaming
Nov 15, 2013
Pokemon Gym Leaders, Elite Four Members, and Champions
1,612
5.00
Gaming
Dec 2, 2014
Scott Pilgrim Quotes
1,481
5.00
Movies
May 13, 2012
Zelda Breath of the Wild: Hyrule Compendium - Monsters
1,438
5.00
Gaming
Jul 17, 2017
Zelda Breath of the Wild: Hyrule Compendium - Creatures
1,254
4.50
Gaming
Jul 17, 2017
Go to Creator's Profile
Score Distribution
Quiz Creator Spotlight
CallmeAl4567
Follow
Send a Message
Quizzes Created
-
Created Quiz Play Count
-
More By This Creator
Popular Quizzes Today
1
Colored Red Africa Blitz
2
Find the US States - No Outlines Minefield
3
Find the 'City' Movie
4
5x2 Blitz: Bands
5
The Countries of the World
6
Find the US States
7
Find the Countries of Europe - No Outlines Minefield
8
US States
More Gaming Quizzes
Civilization II Technologies
Published
Trending Quizzes
Colored Red Europe Blitz I
Colored Red Europe Blitz II
Colored Red Africa Blitz II
Colored Red Europe Blitz III
Colored Red Africa Blitz III
Recently Updated
How Do You Spell That?
pecheneg
Godzilla Movies
pecheneg
Grab Bag: 4-10 Letters
pecheneg
2024 March Madness Bracket
pecheneg
Famous TV Couples
Peacemaker
Champions League XIs: Real Madrid
pecheneg
Largest US Cities 1790-2010
pecheneg
Rides in Walt Disney World
pecheneg
Most Oscar Losses (Acting)
pecheneg
Beyoncé Albums
pecheneg
Trending Topics
Crossword
Marvel
NBA
Anime
Disney
Kpop
Harry Potter
The Office
Puzzle
NFL
WWE
Pokémon
Song
Soccer
Country
Your Account Isn't Verified!
In order to create a playlist on Sporcle, you need to verify the email address you used during registration. Go to your
Sporcle Settings
to finish the process.
Report this User
Report this user for behavior that violates our
Community Guidelines
.
Details:
Send Report
Go to the Sporcle.com Mobile Site →
Comments